The nine heroes tapestries at he cloisters : a picture book / a picture book /
Descripción Física:
24 pàg. : il. b/n ; 26 cm
Otros Autores:
Freeman, Margaret Beam, 1899-1980
Materias:
Metropolitan Museum of Art (Nova York, Nova York) -- Catàlegs
; Fons Joan Junyer i Pascual (1909-1994)
; Tapissos gòtics -- Catàlegs
; Fulletons
Idioma:
English
MARC
| LEADER | 00000nam a22000007a 4500 | ||
|---|---|---|---|
| 001 | 24814 | ||
| 003 | AGDB | ||
| 005 | 20260324181536.0 | ||
| 008 | 251014b -us||||| |||| 00| 0 eng d | ||
| 041 | |a eng | ||
| 100 | |a Rorimer, James J. (James Joseph), |d 1905-1966 |9 72479 | ||
| 245 | |a The nine heroes tapestries at he cloisters : |b a picture book / |c by James J. Rorimer and Margaret B. Freeman | ||
| 260 | |a New York : |b The Metropolitan Museum of Art , |c 1953 | ||
| 300 | |a 24 pàg. : |b il. b/n ; |c 26 cm | ||
| 500 | |a Prové del fons Joan Junyer i Pascual (1909-1994) | ||
| 610 | 0 | |a Metropolitan Museum of Art (Nova York, Nova York) |9 72480 |v Catàlegs | |
| 650 | |a Fons Joan Junyer i Pascual (1909-1994) |9 72777 | ||
| 650 | 0 | |a Tapissos gòtics |9 72481 |v Catàlegs | |
| 655 | 0 | |a Fulletons |9 55858 | |
| 700 | |a Freeman, Margaret Beam, |d 1899-1980 |9 72464 | ||
| 710 | |a Metropolitan Museum of Art (Nova York, Nova York) |9 72480 | ||
| 942 | |2 udc |c ARXIU |n 1 | ||
| 952 | |0 0 |1 0 |4 0 |6 F50462 |7 1 |9 98457 |a Arxiu |b Arxiu |d 2025-10-14 |l 0 |o F-504-62 |p 24814 |r 2025-10-14 13:08:31 |w 2025-10-14 |y ARXIU | ||
| 999 | |c 130211 |d 130211 | ||